000170126 001__ 170126
000170126 005__ 20260318155255.0
000170126 0247_ $$2doi$$a10.1016/j.plrev.2025.12.006
000170126 0248_ $$2sideral$$a148642
000170126 037__ $$aART-2025-148642
000170126 041__ $$aeng
000170126 100__ $$0(orcid)0000-0002-1943-340X$$aMarin Manrique, Héctor M.$$uUniversidad de Zaragoza
000170126 245__ $$aInformational inbreeding: a useful concept to add to extant evolutionary theories: Comment on “Homo informatio” by Michael J. Walker
000170126 260__ $$c2025
000170126 5203_ $$aWalker’s "Homo informatio" offers a compelling and thought-provoking re-examination of our evolutionary past, presenting a deliberate departure from conventional paradigms and challenging the actualist perspective. The "Homo informatio" framework invites us to embrace a more nuanced, dynamic model of human evolution. We commend this bold deviation from received wisdom. It is implausible to conceive of human evolution as a linear, uninterrupted ascent up an intellectual ladder. Rather, the development of human cognition and social structures was likely characterized by irregular progress, iterative experimentation, and the sporadic invention and reinvention of tools, ideas, and practices [1]. These innovations, often emerging from individual actors, only became culturally embedded when recognized by the group as functionally advantageous
000170126 540__ $$9info:eu-repo/semantics/closedAccess$$aAll rights reserved$$uhttp://www.europeana.eu/rights/rr-f/
000170126 655_4 $$ainfo:eu-repo/semantics/article$$vinfo:eu-repo/semantics/publishedVersion
000170126 700__ $$aHurtado, Ana Magdalena
000170126 7102_ $$14009$$2735$$aUniversidad de Zaragoza$$bDpto. Psicología y Sociología$$cÁrea Psicolog.Evolut.Educac
000170126 773__ $$g56 (2025), 115-117$$pPhysics of Life Reviews$$tPhysics of Life Reviews$$x1571-0645
000170126 8564_ $$s344689$$uhttps://zaguan.unizar.es/record/170126/files/texto_completo.pdf$$yVersión publicada$$zinfo:eu-repo/date/embargoEnd/2027-12-25
000170126 8564_ $$s2094166$$uhttps://zaguan.unizar.es/record/170126/files/texto_completo.jpg?subformat=icon$$xicon$$yVersión publicada$$zinfo:eu-repo/date/embargoEnd/2027-12-25
000170126 909CO $$ooai:zaguan.unizar.es:170126$$particulos$$pdriver
000170126 951__ $$a2026-03-18-13:52:51
000170126 980__ $$aARTICLE